| 000 | 00762nam a2200229 i 4500 | ||
|---|---|---|---|
| 001 | 66072 | ||
| 003 | ES-MaACL | ||
| 007 | t| | ||
| 008 | 040127s1974 sp ||||1| spa d | ||
| 100 | 1 |
_aGabay, A. _953126 |
|
| 245 | 1 | 0 |
_aMáquinas para obras / _cA. Gabay, J. Zemp ; versión por Luis Jiménez de Cisneros, Nicolás Battestini. |
| 250 | _a[1ª ed.]. | ||
| 260 |
_aBarcelona : _bBlume, _c[1974] |
||
| 300 |
_aXVIII, 389 p. : _bil. ; _c30 cm. |
||
| 490 | 1 | _aBiblioteca técnica de la construcción | |
| 700 | 1 |
_aZemp, J. _9118173 |
|
| 700 | 1 |
_aJiménez de Cisneros, Luis. _966497 |
|
| 700 | 1 |
_aBattestini, Nicolás. _926480 |
|
| 830 | 0 |
_aBiblioteca técnica de la construcción _9182987 |
|
| 852 |
_aES-MaACL _jE-6443 _bR.91091 |
||
| 999 |
_c66072 _d66072 |
||